Responses for Show #3408 - Wednesday, June 2, 1999

Contestants

[<< previous game]

Seale Pylate, a law student from Brighton, Massachusetts

Dave Martin, an English teacher from Sweet Home, Oregon

Frank Stokes, a financial analyst originally from Heber Springs, Arkansas (whose 2-day cash winnings total $18,102)

[next game >>]

Jeopardy! Round responses

U.S. BODIES OF WATER
HOLIDAYS & OBSERVANCES
LOGO LADIES
BOOKS BY TV NEWSPEOPLE
CIVIL WAR SLANG
(Alex: And finally, you're going to take an...)
ACCOUNTING EXAM
    $100 1
Lake Michigan

Frank
    $100 9
St. Patrick's Day

Frank
    $100 6
(Dave: What is Redenbacher?)

Land O'Lakes

FrankDave
    $100 15
(Seale: Who is Dan Rather?)
...
(Alex: I don't think Dan Rather's been there 31 years.)

Walter Cronkite

DaveSeale
    $100 17
Money/dollars

Dave
    $100 25
Chapters

Seale
    $200 2
Great Salt Lake

Frank
    $200 10
(S: What is Ash Wednesday?)

President's Day

DaveSeale
    $200 7
Columbia Pictures

Frank
    $200 16
Tom Brokaw

Frank
    $200 18
Bullets

Triple Stumper
    $200 27
Takeovers

Frank
    $300 3
Lake Pontchartrain

Frank
    $300 11
Halloween

Dave
    $300 8
Coppertone

Dave
    $300 22
Peter Jennings

Frank
    $300 19
(Frank: What is gin?)

the mill

FrankDave
    $300 28
Divestiture

Seale
    $400 4
Idaho

Seale
    $400 12
Father's Day

Frank
    $400 13
Sun-Maid

Dave
    $400 23
Ted Koppel

Frank
    $800 20
"Bully!"

Dave
    $400 29
Fixed

Dave
    $500 5
Narragansett Bay

Frank
    $500 14
Ramadan

Frank
    $500 26
Little Debbie

Seale
    $500 24
David Brinkley

Dave
    $500 21
Bowie knife

Frank
    $500 30
High interest

Dave

Scores at the first commercial break (after clue 15):

Frank Dave Seale
$2,400 $1,200 $100

Scores at the end of the Jeopardy! Round:

Frank Dave Seale
$3,700 $3,800 $1,000

Double Jeopardy! Round responses

CLASSICAL MUSIC
SIGNS & SYMBOLS
FASHION STATEMENTS
DISNEY CINEMA
THE COUNTRY'S FIRST MONARCH
QUASI-RELATED PAIRS
    $200 26
(Seale: Who is Verdi?)
...
(Alex: Less than a minute to go.)

Gioachino Rossini

Seale
Triple Stumper
    $200 1
NBC

Frank
    $200 13
Your pants

Frank
    $200 4
Beauty and the Beast

Dave
    $200 18
Monaco

Seale
    $200 11
Punch & Judy

Seale
    $400 27
(Frank: What is Joseph?)

George

FrankSeale
    $400 2
X (as in "X-Men")

Triple Stumper
    $400 14
Veil

Seale
    $400 5
Pinocchio

Dave
    $400 19
Scotland

Dave
    $400 12
(Dave: Who are Johnny Cash & Jim Carrey?)

Cash & Carrey

FrankDave
    $600 28
(Seale: What is an étude?)

Goldberg Variations

Seale
Triple Stumper
    $600 3
Choking

Dave
    $600 23
Old hat

Seale
    $600 6
Cruella De Vil

Frank
    $1,000 20
France (the Capetian dynasty)

Dave
    $600 15
Kurds & weigh

Dave
    $800 7
Schwa

Dave
    $800 24
A velvet glove

Frank
    $800 8
The Santa Clause

Dave
    $800 21
(Seale: What is India?)
[ERRATUM: Jimmu, who is presumed legendary, is traditionally said to have ascended to the throne around 660 B.C.]

Japan

Seale
Triple Stumper
    $1,800 16
Locke & Key

Dave
    $1000 29
(Seale: Who is Borodin?)
(Frank: Who is Tchaikovsky?)
...
[The end-of-round signal sounds.]

Modest Mussorgsky

FrankSeale
Triple Stumper
    $1000 10
Chicago Cubs (in tribute)

Dave
    $1000 25
(Frank: What are Brownshirts?)

Blackshirts

FrankSeale
    $1000 9
The Parent Trap

Seale
    $1000 22
Ireland

Seale
    $1000 17
Aussie & Herriot

Triple Stumper

Scores at the end of the Double Jeopardy! Round:

Frank Dave Seale
$3,500 $11,000 $3,200
(lock game)

[wagering suggestions for these scores]

Final Jeopardy! Round responses

ITALIAN VOCABULARY
(Alex: New subject!)
SealeWhat is a relief ?
$3,000
FrankWhat is ?
$2,901
DaveWhat is pieta ?
$3,500
pieta

Final scores:

Frank Dave Seale
$599 $14,500 $200
2nd place: Trip to Outrigger Hotel, Waikiki Beach, Hawaii New champion: $14,500 3rd place: Daewoo Video System

Game dynamics:

Coryat scores:

Frank Dave Seale
$3,500 $9,200 $3,200
19 R,
4 W
21 R
(including 3 DDs),
2 W
12 R,
6 W

Combined Coryat: $15,900

[game clues] [game scores] [suggest correction]

Game tape date: Unknown
The J! Archive is created by fans, for fans. Scraping, republication, monetization, and malicious use prohibited; this site may use cookies and collect identifying information. See terms. The Jeopardy! game show and all elements thereof, including but not limited to copyright and trademark thereto, are the property of Jeopardy Productions, Inc. and are protected under law. This website is not affiliated with, sponsored by, or operated by Jeopardy Productions, Inc. Join the discussion at JBoard.tv.